Guess the Taylor Swift Song (no hints) 82 - Statistics

General Stats
  • This quiz has been taken 89 times
  • The average score is 263 of 345
Answer Stats
Answer % Correct
The
100%
the
100%
I
98%
a
96%
And
96%
and
96%
you
96%
You
96%
you,
96%
it
95%
me
95%
on
95%
your
95%
You're
95%
you're
95%
in
93%
It's
93%
it's
93%
to
93%
when
93%
I'm
91%
is
91%
My
91%
my
91%
of
91%
that
89%
no
87%
there
87%
be
85%
But
85%
go
85%
'Cause
84%
for
84%
like
84%
Like
84%
see
84%
not
82%
What
82%
As
80%
could
80%
now
80%
would
80%
by
78%
know
78%
was
78%
just
76%
Just
76%
should
76%
around
75%
down
75%
get
75%
Get
75%
with
75%
away
73%
way
73%
baby
69%
baby,
69%
everything
69%
oh,
69%
something
69%
Take
69%
couldn't
67%
eyes,
67%
eyes
67%
fly,
67%
fly
67%
house
67%
Kiss
67%
Meet
67%
move
67%
rain
67%
smile
67%
sparks
67%
whenever
67%
cards
65%
Drop
65%
lights
65%
pain
65%
sidewalk
65%
those
65%
up
65%
kind
64%
pouring
64%
run
64%
won't
64%
Won't
64%
once
62%
enough
60%
feel
60%
green
60%
rainstorm
60%
Close
58%
front
58%
full
58%
make
58%
right
58%
stood
58%
than
58%
thinking
58%
touch
58%
good
56%
haunt
56%
running
56%
even
55%
really
55%
send
55%
through
55%
far
53%
keep
53%
that'll
53%
bad
51%
reckless
51%
show
51%
hope
49%
mind
49%
wish
49%
hair
47%
wait
47%
wrong
47%
better
45%
fingers
45%
patiently
45%
watch
45%
fireworks
44%
keeping
44%
kinda
44%
remind
44%
rest
44%
soft
44%
captivated
42%
find
42%
idea
42%
slow
42%
whisper
42%
world
42%
forgets
40%
guard
40%
wild
40%
lead
38%
staircase
38%
Gimme
36%
imagined
33%
that'll
20%
No matching quizzes found
Score Distribution
Percent of People with Each Score
Percentile by Number Answered
Your Score History
You have not taken this quiz